Vista normal
Vista MARC
Entrada Topical Term
Número de registros utilizados en: 1
001 - CONTROL NUMBER
- control field: 5428
003 - CONTROL NUMBER IDENTIFIER
- control field: OSt
005 - DATE AND TIME OF LATEST TRANSACTION
- control field: 20200610162625.0
008 - FIXED-LENGTH DATA ELEMENTS
- fixed length control field: 200610|| aca||aabn | a|a d
040 ## - CATALOGING SOURCE
- Original cataloging agency: OSt
- Transcribing agency: OSt
150 ## - HEADING--TOPICAL TERM
- Topical term or geographic name entry element: Procesamiento electrónico
670 ## - SOURCE DATA FOUND
- Source citation: Work cat.: (OSt)5362: Guerrero de Lizardi, Carlos, autor 5426, Introducción a la econometría aplicada / , 2008